000 00521nam a22001697a 4500
005 20231101101709.0
008 231101b |||||||| |||| 00| 0 eng d
020 _a0702130060
041 _aEnglish
082 _a346.7 GER
100 _aGering, L
_lEnglish
245 _aHandbook on the Law of Negotiable Instruments /
_cL Gering
260 _aCape Town :
_bJuta and Company Ltd,
_c1993
300 _bxxiv, 344 pages ;
_c25,5 cm.
650 _aLegal practice
_bLaw
942 _cBK
_6ALISON_BN_VRIES
999 _c211
_d211